000 00710nam a2200253Ia 4500
003 OSt
005 20221006143043.0
006 a|||||r|||| 00| 0
007 ta
008 221006b |||||||| |||| 00| 0 eng d
020 _c
_15.00
024 _a7,915
037 _cTextual
040 _aEASL
_cEASL
_beng
041 _2eng
_aeng
082 _aW.42.N12, L8
100 _aWILSON Robert A
245 0 _aGenesis of the Meiji government in Japan 1868-1871
260 _aWestport
_bGreenwood Press
_c1978
300 _a150p.
_ccm.
490 _v JEL
_aUniversity of California Publications in History
942 _hW.42.N12, L8
_cTEXL
_2CC
999 _c1076001
_d1076001